| 000 | 00605nam a2200205Ia 4500 | ||
|---|---|---|---|
| 005 | 20250508151323.0 | ||
| 008 | 008 250505s9999 xx 000 0 eng d | ||
| 037 | _aTextual | ||
| 040 |
_aFEDL _beng _cFEDL |
||
| 041 |
_aeng _2eng |
||
| 084 |
_a150.1943, FRE _qFEDL |
||
| 100 |
_aFrench Thomas M _9758368 |
||
| 245 | 0 | _aIntegration of behavior: The Integrative process in dreams. | |
| 260 |
_aChicago, USA _bThe University of Chicago Press _c1954 |
||
| 300 | _axi,367p. | ||
| 365 |
_aINR _b32 |
||
| 650 | _aPsychology | ||
| 942 |
_cTEXL _h150.1943, FRE |
||
| 999 |
_c1329035 _d1329035 |
||